00914nam a2200241 450000100060000000300080000600500170001400800410003103500190007204000260009104100080011708200290012510000210015424500850017526001170026030000270037750000380040450000900044265000210053265100530055365100350060670000310064175931BD-RjUL20211209082750.0190917r19701969 ||||| |||| 00| 0 eng d a(BD-RjUL)76150 aBD-RjULbengcBD-RjUL aeng 223a305.896073bCAR 19701 aCampbell, Angus  aRacial Attitudes in Fifteen American Cities /cby Angus Campbell, Howard Schuman aMichigan:bUniversity of Michigan, Institute for Social Research, Survey Research Center, c1969 [Printing 1970] a67 p. :bIll. ;c27 cm a" A Survey Research Center Study" aOn cover: "A report prepared for the National Advisory Commission on Civil Disorders" aEthnic attitudes aUnited States xRace relations xStatistics.  aAfrican Americans xStatistics aSchuman, Howard, jt. auth.